Slovensko a štruktúra názorov verejnosti súvisiacich s problémom chudoby analýza údajov zo sociologických výskumov

Bibliographic Details
Main Author: Strapcová, Katarína, 1973- (Author)
Format: Article
Language:Slovak
PhysicalDescription:Grafy, tab.
ISBN:8022409073
Subjects:

MARC

LEADER 00000naa a2200000 ar4500
001 vtls008987409
003 SK-MaSNL
005 20260426023534.0
008 070509e2006 xo d ||b |||| ||slo
015 |a SNBRA2007/05  |2 snkbucl 
038 |a SNKBUCL 
040 |a SNKBUCL  |b slo  |c SNKBUCL  |e AACR2 
041 0 |a slo 
044 |a xo  |c SK 
080 |a 364.662  |x (437.6)  |2 2001 
100 1 |a Strapcová, Katarína,  |d 1973-  |4 aut  |9 103932 
245 1 0 |a Slovensko a štruktúra názorov verejnosti súvisiacich s problémom chudoby  |b analýza údajov zo sociologických výskumov  |c Katarína Strapcová 
300 |b Grafy, tab. 
504 |a Literatúra 
650 0 7 |a chudoba  |2 snkbucl  |9 14502 
650 0 7 |a názory verejnosti  |2 snkbucl  |9 834038 
650 0 7 |a sociologické výskumy  |2 snkbucl  |9 611242 
650 0 7 |a názorová štruktúra obyvateľov  |2 snkbucl  |9 834039 
651 7 |a Slovensko  |2 snkbucl  |9 14231 
655 7 |a štúdie  |2 snkbucl  |9 57033 
773 0 |t Sociálne vedy a humanistika očami mladých  |d Bratislava : VEDA, 2006  |g S. 202-209  |z 8022409073 
852 |a SNK  |b KIS3GCP 
958 |a NB 
958 |a SK 
999 |c 1345955  |d 1347885